|
|
|
|
| LEADER |
02904nam a2200709 aa4500 |
| 001 |
nkc20092024250 |
| 003 |
CZ PrNK |
| 005 |
20100308172340.0 |
| 007 |
ta |
| 008 |
091204s2009 xr e e 000 0 cze |
| 015 |
|
|
|a cnb002024250
|
| 020 |
|
|
|a 978-80-251-2239-6
|q (1. díl ;
|q váz.)
|
| 020 |
|
|
|a 978-80-251-2256-3
|q (2. díl ;
|q váz.)
|
| 035 |
|
|
|a (OCoLC)505915227
|
| 040 |
|
|
|a BOA001
|b cze
|
| 041 |
0 |
|
|a cze
|a spa
|
| 072 |
|
7 |
|a 00
|x Věda. Všeobecnosti. Základy vědy a kultury. Vědecká práce
|2 Konspekt
|9 12
|
| 072 |
|
7 |
|a 81
|x Lingvistika. Jazyky
|2 Konspekt
|9 11
|
| 080 |
|
|
|a 811.162.3
|2 MRF
|
| 080 |
|
|
|a 811.134.2
|2 MRF
|
| 080 |
|
|
|a 5
|2 MRF
|
| 080 |
|
|
|a 3
|2 MRF
|
| 080 |
|
|
|a 62
|2 MRF
|
| 080 |
|
|
|a 316.7
|2 MRF
|
| 080 |
|
|
|a 81'373.46
|2 MRF
|
| 080 |
|
|
|a 81'374.8-022.215
|2 MRF
|
| 080 |
|
|
|a (038)81
|2 MRF
|
| 100 |
1 |
|
|a Holá, Zuzana
|7 hka2009498683
|4 aut
|
| 245 |
1 |
0 |
|a Česko-španělský odborný slovník :
|b [terminologie pro překladatele a odborníky : přírodní a společenské vědy, technické obory, kultura] /
|c Zuzana Holá
|
| 250 |
|
|
|a Vyd. 1.
|
| 260 |
|
|
|a Brno :
|b Computer Press,
|c 2009
|
| 300 |
|
|
|a 2 sv. ;
|c 23 cm
|
| 490 |
1 |
|
|a Jazyky
|
| 505 |
0 |
|
|a 1. díl. A-O. 627 s. -- 2. díl. P-Ž. 791 s.
|
| 650 |
0 |
7 |
|a čeština
|7 ph135292
|2 czenas
|
| 650 |
0 |
7 |
|a španělština
|7 ph127867
|2 czenas
|
| 650 |
0 |
7 |
|a přírodní vědy
|7 ph115999
|2 czenas
|
| 650 |
0 |
7 |
|a společenské vědy
|7 ph116244
|2 czenas
|
| 650 |
0 |
7 |
|a technika
|7 ph157258
|2 czenas
|
| 650 |
0 |
7 |
|a kultura
|7 ph122009
|2 czenas
|
| 650 |
0 |
7 |
|a oborová terminologie
|7 ph138998
|2 czenas
|
| 650 |
0 |
9 |
|a Czech language
|2 eczenas
|
| 650 |
0 |
9 |
|a Spanish language
|2 eczenas
|
| 650 |
0 |
9 |
|a natural sciences
|2 eczenas
|
| 650 |
0 |
9 |
|a social sciences
|2 eczenas
|
| 650 |
0 |
9 |
|a technology
|2 eczenas
|
| 650 |
0 |
9 |
|a culture
|2 eczenas
|
| 650 |
0 |
9 |
|a terminology (professional)
|2 eczenas
|
| 655 |
|
7 |
|a dvojjazyčné překladové slovníky
|7 fd208746
|2 czenas
|
| 655 |
|
7 |
|a terminologické slovníky
|7 fd202538
|2 czenas
|
| 655 |
|
9 |
|a bilingual translation dictionaries
|2 eczenas
|
| 655 |
|
9 |
|a terminological dictionaries
|2 eczenas
|
| 830 |
|
0 |
|a Jazyky (Computer Press)
|0 s
|
| 856 |
4 |
1 |
|u http://www.digitalniknihovna.cz/mzk/uuid/uuid:87726cb0-e8e7-11e4-b834-005056827e51
|y Digitalizovaný dokument
|x NDK
|
| 910 |
2 |
|
|a BOA001
|b 2-1234.632
|s 1-2
|
| 990 |
|
|
|a BK
|
| 995 |
|
|
|a 01
|
| 991 |
|
|
|b 201001
|c NOV
|j 81'374 HOL
|
| 996 |
6 |
|
|b 2610377368
|c 2-1234.632
|d 1. díl A-O
|v 1
|l MZK
|r HSS 4p
|n 0
|p p.v.
|h 81'374 HOL
|w 001101388
|u 000010
|a 0
|e BOA001
|j MZK50
|s P
|
| 996 |
7 |
|
|b 2610377369
|c 2-1234.632
|d 1. díl A-O
|v 1
|l MZK
|r Sklad / do 1 hodiny
|n 11
|p p.v.
|w 001101388
|u 000020
|a 1
|e BOA001
|j MZK50
|s A
|
| 996 |
6 |
|
|b 2610377371
|c 2-1234.632
|d 2. díl P-Ž
|v 2
|l MZK
|r HSS 4p
|n 0
|p p.v.
|h 81'374 HOL
|w 001101388
|u 000030
|a 0
|e BOA001
|j MZK50
|s P
|
| 996 |
7 |
|
|b 2610377372
|c 2-1234.632
|d 2. díl P-Ž
|v 2
|l MZK
|r Sklad / do 1 hodiny
|n 10
|p p.v.
|w 001101388
|u 000040
|a 1
|e BOA001
|j MZK50
|s A
|